000 00701nam a2200181Ia 4500
008 100921s9999 xx 000 0 und d
082 _b9816
_a641.6 थ 72
100 _aकोप्पीकर गौ.रा.
245 _aफळांचे टिकाऊ पदार्थ.
260 _bउद्यम प्रकाशन, नागपूर.
_c1972
300 _a198
_b---
365 _b4
520 _aतं.वि.-गृह-पा.शास्त्र.
630 _aफळांचे टिकाऊ पदार्थ.
650 _aतं.वि.-गृह-पा.शास्त्र.
730 _aफळांचे टिकाऊ पदार्थ.
942 _cBOOK
999 _c758929
_d758926